Test de Rapidité - Tables de Multiplication - Statistiques

Statistiques générales
  • Ce quiz a été pris 1 072 fois
  • Le résultat moyen est 63 sur 100
Statistiques - réponses
Calcul Réponse % Correct
1*1 1
100%
1*2 2
99%
1*3 3
99%
1*4 4
99%
1*10 10
98%
1*5 5
98%
1*6 6
98%
1*7 7
98%
1*8 8
98%
1*9 9
98%
2*5 10
93%
2*6 12
93%
2*1 2
93%
2*2 4
93%
2*3 6
93%
2*4 8
93%
2*7 14
92%
2*8 16
92%
2*9 18
92%
2*10 20
92%
3*1 3
92%
3*2 6
92%
3*3 9
92%
3*4 12
91%
3*5 15
91%
3*6 18
91%
3*7 21
90%
3*8 24
90%
3*9 27
90%
3*10 30
89%
4*1 4
88%
4*3 12
87%
4*2 8
87%
4*4 16
86%
4*5 20
85%
4*6 24
84%
4*7 28
84%
4*8 32
84%
5*2 10
83%
5*3 15
83%
5*4 20
83%
4*9 36
83%
4*10 40
83%
5*1 5
83%
5*5 25
82%
5*6 30
81%
5*7 35
80%
5*8 40
80%
5*9 45
80%
5*10 50
80%
6*1 6
78%
6*2 12
77%
6*3 18
76%
6*4 24
74%
6*5 30
73%
6*6 36
72%
6*7 42
71%
6*8 48
68%
6*9 54
65%
6*10 60
63%
7*1 7
61%
7*2 14
59%
7*3 21
58%
7*4 28
56%
7*5 35
53%
7*6 42
50%
7*7 49
48%
7*8 56
45%
7*9 63
41%
7*10 70
40%
8*1 8
38%
8*2 16
37%
8*3 24
35%
8*4 32
33%
8*5 40
31%
8*6 48
29%
8*7 56
27%
8*8 64
25%
9*1 9
23%
9*2 18
22%
8*9 72
22%
8*10 80
22%
9*3 27
21%
9*4 36
19%
9*5 45
17%
9*6 54
15%
9*7 63
15%
10*1 10
14%
10*2 20
14%
9*8 72
14%
10*3 30
13%
10*4 40
13%
10*5 50
13%
10*6 60
13%
9*9 81
13%
10*7 70
12%
10*8 80
12%
9*10 90
12%
10*9 90
12%
10*10 100
11%
Aucun quiz correspondant
Distribution des résultats
% des personnes avec chaque résultat
Percentile par nombre de réponses
Votre historique - résultats
Vous n’avez pas pris ce quiz